[Event "Kieler Open 2014-A"]
[Site "Kiel"]
[Date "2014.08.06"]
[Round "7.14"]
[White "Saglam, Bülent"]
[Black "Berger, Joachim"]
[Result "1/2-1/2"]
[WhiteElo "2097"]
[BlackElo "2025"]
[Annotator "FS"]
[PlyCount "69"]
[EventDate "2014.??.??"]
[WhiteTeam "Doppelbauer Kiel"]
[BlackTeam "Lübeck"]

1. d4 d5 2. c4 e6 3. Nc3 c5 4. cxd5 exd5 5. Nf3 Nc6 6. Bg5 Be7 7. Bxe7 Ngxe7 8.
dxc5 d4 9. Ne4 O-O 10. g3 Qd5 11. Ned2 Qxc5 12. Nb3 Qb6 13. Bg2 Rd8 14. O-O Bf5
15. Nh4 Be6 16. Qd3 a5 17. Rfd1 Nb4 18. Qe4 Nxa2 19. Rxa2 Qxb3 20. Rda1 Nc6 21.
Nf3 h6 22. Qb1 d3 23. Ra3 Qc2 24. exd3 Qxb1+ 25. Rxb1 a4 26. Nd2 Ra7 27. Rba1
Ne5 28. Rxa4 Rxa4 29. Rxa4 b5 30. Ra5 Nxd3 31. Rxb5 Nxf2 32. Kxf2 Rxd2+ 33. Kg1
Rd1+ 34. Kf2 Rd2+ 35. Kg1 1/2-1/2

[Event "Kieler Open 2014-A"]
[Site "Kiel"]
[Date "2014.08.06"]
[Round "7.15"]
[White "Kardoeus, David"]
[Black "Neumann, Frank"]
[Result "1/2-1/2"]
[WhiteElo "2003"]
[BlackElo "2028"]
[Annotator "FS"]
[PlyCount "128"]
[EventDate "2014.??.??"]
[WhiteTeam "Werder Bremen"]
[BlackTeam "Agon Neumünster"]

1. b3 e5 2. Bb2 Nc6 3. e3 Nf6 4. Bb5 d6 5. Ne2 Bd7 6. Ng3 g6 7. O-O Bg7 8. d3
O-O 9. Nd2 a6 10. Bxc6 Bxc6 11. e4 Bh6 12. Ne2 Nh5 13. d4 f6 14. c4 Nf4 15.
Nxf4 Bxf4 16. Qc2 exd4 17. Rae1 Be5 18. Qd3 g5 19. Nf3 Bd7 20. Bxd4 Be6 21. Be3
Qe8 22. Nd4 Bd7 23. Nf5 Bxf5 24. exf5 Kh8 25. g3 Rg8 26. f4 gxf4 27. Bxf4 Qc6
28. Bd2 Rg4 29. Re2 Rag8 30. Rg2 Qe4 31. Rf3 Qxd3 32. Rxd3 h5 33. Bc3 h4 34.
Bxe5 dxe5 35. Rd7 hxg3 36. hxg3 Rxg3 37. Rxg3 Rxg3+ 38. Kf2 Rg7 39. Rd8+ Kh7
40. Rf8 Kh6 41. Rxf6+ Kg5 42. Rf8 Kf4 43. f6 Rh7 44. Rg8 Rf7 45. Rg7 Rxf6 46.
Rxc7 b6 47. c5 bxc5 48. Rxc5 Rh6 49. a4 e4 50. b4 Rh2+ 51. Kf1 Rb2 52. b5 axb5
53. Rxb5 Ra2 54. a5 Kf3 55. Ke1 Ra1+ 56. Kd2 e3+ 57. Kd3 Rd1+ 58. Kc4 e2 59.
Re5 e1=Q 60. Rxe1 Rxe1 61. Kc5 Ke4 62. a6 Ra1 63. Kb6 Kd5 64. a7 Rxa7 1/2-1/2

[Event "Kieler Open 2014-A"]
[Site "Kiel"]
[Date "2014.08.06"]
[Round "7.16"]
[White "Praczukowski, Stanislaw"]
[Black "Hildenbrand, Peter"]
[Result "0-1"]
[WhiteElo "2018"]
[BlackElo "2240"]
[Annotator "FS"]
[PlyCount "58"]
[EventDate "2014.??.??"]
[WhiteTeam "KS Laura Chylice"]
[BlackTeam "Leimen"]

1. d4 d6 2. Nf3 g6 3. c4 Bg7 4. Nc3 c5 5. d5 Bxc3+ 6. bxc3 Qa5 7. Bd2 Nf6 8. g3
Ne4 9. Bg2 Nd7 10. Qc2 Nxd2 11. Nxd2 O-O 12. O-O b5 13. cxb5 Qxb5 14. c4 Qa5
15. f4 Nb6 16. f5 Bxf5 17. Rxf5 gxf5 18. Nb3 Qa4 19. Qxf5 Qd7 20. Qg5+ Kh8 21.
Rf1 Rg8 22. Qh5 Qg4 23. Qxf7 Rg7 24. Qf2 Nxc4 25. Qe1 Qg5 26. Rf4 Ne3 27. Qf2
Nxg2 28. Kxg2 Qxd5+ 29. e4 Qe6 0-1

[Event "Kieler Open 2014-A"]
[Site "Kiel"]
[Date "2014.08.06"]
[Round "7.17"]
[White "Jacobsen, Mikkel Manosri"]
[Black "Neumann, Joachim"]
[Result "0-1"]
[WhiteElo "2007"]
[BlackElo "2179"]
[Annotator "FS"]
[PlyCount "74"]
[EventDate "2014.??.??"]
[BlackTeam "Kieler SG"]

1. d4 d6 2. Nf3 g6 3. c4 Bg7 4. Nc3 Nd7 5. Bg5 h6 6. Bh4 Ngf6 7. e3 g5 8. Bg3
Nh5 9. Bd3 Ndf6 10. Qc2 c6 11. b4 Nxg3 12. hxg3 Bd7 13. a4 Qb6 14. c5 Qxb4 15.
O-O Qa5 16. cxd6 exd6 17. e4 O-O 18. Rab1 Rab8 19. e5 dxe5 20. Nxe5 Be6 21. f4
Qd8 22. Ne2 Bg4 23. fxg5 Bxe2 24. Qxe2 Qxd4+ 25. Kh1 Rfe8 26. Qd1 Ne4 27. Bxe4
Qxe5 28. Bf5 Qxg3 29. Rb4 Rbd8 30. Qc2 Be5 31. Kg1 Bd4+ 32. Rxd4 Rxd4 33. Bh7+
Kh8 34. gxh6 Qe3+ 35. Rf2 Qxh6 36. Rxf7 Re1+ 37. Rf1 Qe3+ 0-1

[Event "Kieler Open 2014-A"]
[Site "Kiel"]
[Date "2014.08.06"]
[Round "7.18"]
[White "Guetschow, Martin"]
[Black "Horn, Sven"]
[Result "0-1"]
[WhiteElo "1991"]
[BlackElo "2158"]
[Annotator "FS"]
[PlyCount "82"]
[EventDate "2014.??.??"]
[WhiteTeam "Segeberg"]
[BlackTeam "Oberschöneweide"]

1. e4 d5 2. exd5 Qxd5 3. Nc3 Qd6 4. Nf3 a6 5. g3 Nc6 6. Bg2 Bf5 7. d3 O-O-O 8.
O-O h6 9. a3 e5 10. b4 Qe6 11. Re1 g5 12. Be3 Bg7 13. Qb1 e4 14. Bd2 Qf6 15.
dxe4 Rxd2 16. e5 Qd8 17. Nxd2 Qxd2 18. Ne4 Bxe4 19. Bxe4 Nge7 20. b5 axb5 21.
Qxb5 Qa5 22. Qb3 Bxe5 23. Rab1 b6 24. Qxf7 Kb8 25. a4 Rd8 26. Rf1 Qxa4 27. Bg2
Qa3 28. Rb3 Qc5 29. c3 Na5 30. Ra1 Nec6 31. Bxc6 Qxc6 32. Qe7 Re8 33. Qa3 Nxb3
34. Qxb3 Qxc3 35. Ra8+ Kxa8 36. Qa4+ Kb7 37. Qxe8 Qd4 38. Qf8 Qd6 39. Qf3+ Qc6
40. Qf5 Bd6 41. Qg6 Bc5 0-1

[Event "Kieler Open 2014-A"]
[Site "Kiel"]
[Date "2014.08.06"]
[Round "7.19"]
[White "Diederichs, Luise"]
[Black "Haffner, Alexander"]
[Result "0-1"]
[WhiteElo "1968"]
[BlackElo "2126"]
[Annotator "FS"]
[PlyCount "64"]
[EventDate "2014.??.??"]
[WhiteTeam "Hermannsburg"]
[BlackTeam "Doppelbauer Kiel"]

1. d4 Nf6 2. c4 g6 3. Nc3 Bg7 4. e4 d6 5. Bd3 O-O 6. Nge2 Nc6 7. O-O e5 8. d5
Ne7 9. f3 Nh5 10. Be3 f5 11. b4 f4 12. Bf2 g5 13. h3 Nf6 14. c5 h5 15. cxd6
cxd6 16. Nb5 a6 17. Nxd6 Qxd6 18. Bc5 Qd8 19. Bc4 Kh7 20. d6 Nc6 21. d7 Bxd7
22. Bxf8 Bxf8 23. a3 g4 24. hxg4 hxg4 25. Nc3 g3 26. Re1 Nd4 27. Kf1 Rc8 28.
Qd3 Qe8 29. a4 Qh5 30. Ne2 Qh1+ 31. Ng1 b5 32. axb5 Rxc4 0-1

[Event "Kieler Open 2014-A"]
[Site "Kiel"]
[Date "2014.08.06"]
[Round "7.20"]
[White "Wanner, Lukas"]
[Black "Quiring, Nikolai"]
[Result "0-1"]
[WhiteElo "1764"]
[BlackElo "2078"]
[Annotator "FS"]
[PlyCount "61"]
[EventDate "2014.??.??"]
[WhiteTeam "Doppelbauer Kiel"]
[BlackTeam "Rendsburg"]

1. d4 e6 2. Nf3 b6 3. e3 Bb7 4. Bd3 f5 5. c4 Nf6 6. Nc3 Be7 7. O-O O-O 8. b3
Ne4 9. Bb2 d6 10. Qc2 Nxc3 11. Bxc3 Bxf3 12. gxf3 g6 13. e4 Nd7 14. Kh1 Bf6 15.
Rg1 Kh8 16. Rg3 f4 17. Rg2 e5 18. d5 Nc5 19. b4 Nxd3 20. Qxd3 Qd7 21. Rgg1 Rg8
22. Kg2 g5 23. Kf1 Rg6 24. Ke2 Rh6 25. Rg2 Rh3 26. Rag1 Rg8 27. Qd2 Rg6 28. Bb2
h5 29. Ke1 Rxf3 30. Qe2 Rh3 31. f3 0-1

[Event "Kieler Open 2014-A"]
[Site "Kiel"]
[Date "2014.08.06"]
[Round "7.21"]
[White "Friebe, Martin"]
[Black "Gwiazda, Slawomir"]
[Result "1-0"]
[WhiteElo "2066"]
[BlackElo "1969"]
[Annotator "FS"]
[PlyCount "79"]
[EventDate "2014.??.??"]
[WhiteTeam "Kieler SG"]

1. e4 e6 2. d3 d5 3. Nd2 Nf6 4. e5 Nfd7 5. f4 c5 6. Ngf3 Nc6 7. c3 Be7 8. g3 b6
9. Bg2 Bb7 10. O-O O-O 11. Qe2 Qc7 12. Nb3 a5 13. Be3 Ba6 14. Nbd2 b5 15. Bf2
Rab8 16. g4 a4 17. Bg3 a3 18. b3 Qb6 19. c4 bxc4 20. dxc4 Nd4 21. Qd3 Rbc8 22.
Rac1 Nb8 23. Nxd4 cxd4 24. Kh1 Nc6 25. Nf3 dxc4 26. bxc4 Na5 27. Nd2 Rb8 28. f5
Bg5 29. f6 Rfc8 30. Bf4 Bxf4 31. Rxf4 Nc6 32. Be4 Nxe5 33. Bxh7+ Kf8 34. Qxa3+
Rc5 35. Rb1 Bb7+ 36. Be4 Bxe4+ 37. Rxe4 Qxb1+ 38. Nxb1 Rxb1+ 39. Kg2 Nd7 40.
Rxd4 1-0

[Event "Kieler Open 2014-A"]
[Site "Kiel"]
[Date "2014.08.06"]
[Round "7.22"]
[White "Neuendorf, Max"]
[Black "Rabe, Klaus"]
[Result "1/2-1/2"]
[WhiteElo "1885"]
[BlackElo "2054"]
[Annotator "FS"]
[PlyCount "31"]
[EventDate "2014.??.??"]
[WhiteTeam "Flensburg"]
[BlackTeam "Kieler SG"]

1. e4 c5 2. c3 Nf6 3. e5 Nd5 4. d4 cxd4 5. Nf3 e6 6. cxd4 d6 7. Bd3 Nc6 8. a3
Be7 9. O-O O-O 10. Re1 Bd7 11. Qe2 Re8 12. Qe4 f5 13. exf6 Nxf6 14. Qe2 Nd5 15.
Qe4 Nf6 16. Qe2 1/2-1/2

[Event "Kieler Open 2014-A"]
[Site "Kiel"]
[Date "2014.08.06"]
[Round "7.23"]
[White "Schramm, Bernd"]
[Black "Andersen, Niels Erik"]
[Result "1-0"]
[WhiteElo "2024"]
[BlackElo "1947"]
[Annotator "FS"]
[PlyCount "67"]
[EventDate "2014.??.??"]
[WhiteTeam "Kieler SG"]

1. Nf3 Nf6 2. c4 c5 3. b3 g6 4. Bb2 Bg7 5. e3 O-O 6. g3 d6 7. Bg2 Nc6 8. d3 Bd7
9. O-O Qc8 10. Nc3 Bh3 11. Qe2 Bxg2 12. Kxg2 Qf5 13. Rad1 Rad8 14. Rfe1 e6 15.
h3 g5 16. Rd2 h6 17. e4 Qg6 18. d4 cxd4 19. Nxd4 Nxd4 20. Rxd4 Rd7 21. Red1
Rfd8 22. R4d3 a6 23. Ba3 Ne8 24. Na4 Be5 25. Nb6 Rc7 26. c5 Rc6 27. Nc4 Bg7 28.
cxd6 b5 29. Na5 Rc3 30. Nb7 Rxd3 31. Rxd3 Rd7 32. Na5 Be5 33. Nc6 Bg7 34. Ne7+
1-0

[Event "Kieler Open 2014-A"]
[Site "Kiel"]
[Date "2014.08.06"]
[Round "7.24"]
[White "Hilbig, Dieter"]
[Black "Van Diermen, Arie"]
[Result "1-0"]
[WhiteElo "2020"]
[BlackElo "1923"]
[Annotator "FS"]
[PlyCount "45"]
[EventDate "2014.??.??"]
[WhiteTeam "Gera"]

1. e4 g6 2. Nc3 Bg7 3. f4 d6 4. Nf3 Nf6 5. Bc4 O-O 6. d3 Nc6 7. a4 Bg4 8. h3
Be6 9. Bb5 a6 10. Bxc6 bxc6 11. O-O Rb8 12. Qe1 c5 13. Qh4 Bc8 14. f5 gxf5 15.
Bh6 Bxh6 16. Qxh6 c6 17. Ng5 e5 18. exf5 Rb4 19. Nce4 Rxe4 20. dxe4 d5 21. Ra3
Qe7 22. Nxh7 Nxh7 23. f6 1-0

[Event "Kieler Open 2014-A"]
[Site "Kiel"]
[Date "2014.08.06"]
[Round "7.25"]
[White "Simon, Christopher"]
[Black "Hauptmann, Thomas"]
[Result "1/2-1/2"]
[WhiteElo "1960"]
[BlackElo "1971"]
[Annotator "FS"]
[PlyCount "41"]
[EventDate "2014.??.??"]
[WhiteTeam "Bad Schwartau"]
[BlackTeam "Amsterdam"]

1. e4 d5 2. exd5 Qxd5 3. d4 e5 4. Qe2 Nc6 5. dxe5 Qxe5 6. Nf3 Qxe2+ 7. Bxe2 Bf5
8. c3 O-O-O 9. Be3 Bd6 10. Nbd2 Nge7 11. Bc4 f6 12. O-O-O Kb8 13. Nb3 Ng6 14.
Nbd4 Nxd4 15. Nxd4 Bd7 16. Nb5 Bf4 17. Rhe1 Bxe3+ 18. Rxe3 Ne5 19. Be2 Bf5 20.
Rxd8+ Rxd8 21. Nd4 1/2-1/2

[Event "Kieler Open 2014-A"]
[Site "Kiel"]
[Date "2014.08.06"]
[Round "7.26"]
[White "Skogvall, Martina"]
[Black "Oltzen, Samuel"]
[Result "1-0"]
[WhiteElo "2060"]
[BlackElo "1847"]
[Annotator "FS"]
[PlyCount "89"]
[EventDate "2014.??.??"]
[WhiteTeam "SF Berlin"]
[BlackTeam "Lübeck"]

1. e4 c5 2. Nc3 Nc6 3. Bb5 e6 4. d3 Qc7 5. f4 d6 6. Nf3 a6 7. Bxc6+ Qxc6 8. O-O
Ne7 9. Qe1 b6 10. Nh4 Ng6 11. b3 Be7 12. Nf3 O-O 13. h4 Re8 14. h5 Nf8 15. Qg3
Bb7 16. Bb2 f6 17. e5 dxe5 18. Ne4 exf4 19. Qxf4 Nd7 20. h6 g6 21. Rf2 Rf8 22.
Qg3 f5 23. Neg5 Bf6 24. d4 Rae8 25. Re1 Re7 26. c4 Rfe8 27. Rfe2 cxd4 28. Ba3
Nc5 29. Ne5 Qc7 30. Nxh7 Rxh7 31. Qxg6+ Kf8 32. Qxf6+ Kg8 33. Qg5+ Kf8 34. Rf2
Qd8 35. Qg6 Ree7 36. Qh5 Kg8 37. Ref1 Qe8 38. Qg5+ Kf8 39. Ng6+ Kf7 40. Nxe7
Qxe7 41. Rxf5+ exf5 42. Rxf5+ Ke8 43. Re5 Qxe5 44. Qxe5+ Re7 45. h7 1-0

[Event "Kieler Open 2014-A"]
[Site "Kiel"]
[Date "2014.08.06"]
[Round "7.27"]
[White "Scepanik, Hans-Jürgen"]
[Black "Rohmann, Volker"]
[Result "1/2-1/2"]
[WhiteElo "1958"]
[BlackElo "1850"]
[Annotator "FS"]
[PlyCount "104"]
[EventDate "2014.??.??"]
[WhiteTeam "Kieler SG"]
[BlackTeam "Friedrichsort"]

1. d4 d5 2. Nf3 Nf6 3. Nbd2 Bf5 4. c4 e6 5. Ne5 Be7 6. g3 O-O 7. Bg2 c6 8. O-O
h6 9. Qb3 Qc8 10. Ndf3 Nbd7 11. Bd2 Nxe5 12. Nxe5 Nd7 13. Nd3 Nb6 14. cxd5 Bxd3
15. Qxd3 Nxd5 16. Rac1 Qd7 17. Rfd1 Rac8 18. e3 Rfe8 19. Qb3 Bf8 20. Be4 g6 21.
Kg2 Nf6 22. Bf3 Nd5 23. e4 Nf6 24. Bf4 Red8 25. Qe3 Kh7 26. Be5 Bg7 27. h4 Qe7
28. a3 a6 29. Rh1 Ne8 30. Bxg7 Nxg7 31. h5 g5 32. e5 Kg8 33. Be4 Nf5 34. Bxf5
exf5 35. Rc4 Qe6 36. Qc3 Rd7 37. Rd1 Rcd8 38. Rc5 Rd5 39. a4 Rxc5 40. Qxc5 Qd5+
41. Qxd5 Rxd5 42. f4 g4 43. Kf2 Kf8 44. Ke3 Ke7 45. Kd3 Ke6 46. Rc1 Kd7 47. b4
Ke6 48. a5 Rb5 49. Kc4 Rd5 50. Rd1 Kd7 51. Re1 Ke6 52. Re2 Kd7 1/2-1/2

[Event "Kieler Open 2014-A"]
[Site "Kiel"]
[Date "2014.08.06"]
[Round "7.28"]
[White "Meyer, Jürgen"]
[Black "Weishäutel, Moritz"]
[Result "1/2-1/2"]
[WhiteElo "1955"]
[BlackElo "1849"]
[Annotator "FS"]
[PlyCount "98"]
[EventDate "2014.??.??"]
[WhiteTeam "Heide"]
[BlackTeam "Erfurt"]

1. e4 e5 2. Nc3 Nf6 3. f4 exf4 4. e5 Ng8 5. Nf3 d6 6. Qe2 dxe5 7. d4 Nc6 8.
Bxf4 Nxd4 9. Qxe5+ Ne6 10. Nb5 c6 11. Rd1 Qa5+ 12. Bd2 Qb6 13. Nd6+ Bxd6 14.
Qxd6 Nf6 15. Bd3 Qc7 16. Qxc7 Nxc7 17. O-O O-O 18. c4 Bg4 19. Bc3 Ne6 20. h3
Bh5 21. Bf5 Rad8 22. Bxe6 fxe6 23. Rde1 Bxf3 24. Rxf3 Rfe8 25. Bxf6 gxf6 26.
Rxf6 Rd2 27. Rf2 Rxf2 28. Kxf2 Kf7 29. Rd1 Re7 30. Rd8 Kf6 31. Kf3 Ke5 32. g4
Rf7+ 33. Kg3 Ke4 34. g5 e5 35. h4 Ke3 36. h5 e4 37. Rd6 Ke2 38. g6 hxg6 39.
hxg6 Rg7 40. Kf4 e3 41. Re6 Kd2 42. Rxe3 Rxg6 43. Re7 c5 44. Rxb7 Ra6 45. Ke5
Rxa2 46. Kd5 a5 47. b3 a4 48. bxa4 Rxa4 49. Kxc5 Kc3 1/2-1/2

[Event "Kieler Open 2014-A"]
[Site "Kiel"]
[Date "2014.08.06"]
[Round "7.29"]
[White "Boyens, Birger"]
[Black "Rosmait, Emily"]
[Result "0-1"]
[WhiteElo "1925"]
[BlackElo "1824"]
[Annotator "FS"]
[PlyCount "24"]
[EventDate "2014.??.??"]
[WhiteTeam "Husum"]
[BlackTeam "Harksheide"]

1. e4 e5 2. Nf3 Nc6 3. Bb5 Nf6 4. Qe2 Bc5 5. c3 O-O 6. Bxc6 dxc6 7. Nxe5 Re8 8.
d4 Bxd4 9. cxd4 Qxd4 10. Nf3 Qb4+ 11. Bd2 Qxb2 12. Bc3 Qc1+ 0-1

[Event "Kieler Open 2014-A"]
[Site "Kiel"]
[Date "2014.08.06"]
[Round "7.30"]
[White "Hartwig, Sebastian"]
[Black "Garcia Ruiz, Adrian"]
[Result "0-1"]
[WhiteElo "1891"]
[BlackElo "1794"]
[Annotator "FS"]
[PlyCount "32"]
[EventDate "2014.??.??"]
[WhiteTeam "Neustadt"]

1. e4 e6 2. d4 d5 3. Nd2 Nf6 4. e5 Nfd7 5. Bd3 c5 6. c3 Nc6 7. Ne2 cxd4 8. cxd4
f6 9. Nf4 Qe7 10. Qh5+ Qf7 11. Bg6 hxg6 12. Qxh8 Nxd4 13. Kd1 fxe5 14. Nh3 Qf5
15. a4 Qc2+ 16. Ke1 Qd3 0-1

[Event "Kieler Open 2014-A"]
[Site "Kiel"]
[Date "2014.08.06"]
[Round "7.31"]
[White "Nahnsen, Kenneth"]
[Black "Werner, René"]
[Result "1-0"]
[WhiteElo "1794"]
[BlackElo "1890"]
[Annotator "FS"]
[PlyCount "35"]
[EventDate "2014.??.??"]
[WhiteTeam "Doppelbauer Kiel"]
[BlackTeam "Kieler SG"]

1. e4 c5 2. Nf3 d6 3. d4 cxd4 4. Nxd4 Nf6 5. Nc3 a6 6. h3 b5 7. g4 b4 8. g5
bxc3 9. gxf6 Qa5 10. fxg7 Bxg7 11. b3 Qe5 12. Be3 Bb7 13. Rg1 Rg8 14. Bd3 Bxe4
15. Qg4 Nc6 16. Qxe4 d5 17. Qxe5 Nxe5 18. Bxh7 1-0

[Event "Kieler Open 2014-A"]
[Site "Kiel"]
[Date "2014.08.06"]
[Round "7.32"]
[White "Gutschenreiter, Dorian"]
[Black "Kiep, Fabian"]
[Result "1-0"]
[WhiteElo "1874"]
[BlackElo "1708"]
[Annotator "FS"]
[PlyCount "43"]
[EventDate "2014.??.??"]
[WhiteTeam "Flensburg"]
[BlackTeam "Agon Neumünster"]

1. e4 c5 2. Nf3 e6 3. d4 cxd4 4. Nxd4 a6 5. Nc3 Qc7 6. Be3 Nf6 7. f3 Bd6 8. Qd2
Bxh2 9. O-O-O Bd6 10. Ndb5 axb5 11. Nxb5 Qc6 12. Nxd6+ Kf8 13. a3 Na6 14. Bb5
Qc7 15. Qf2 Kg8 16. Bb6 Qb8 17. Qh4 h6 18. e5 Nd5 19. Rxd5 exd5 20. Qd8+ Kh7
21. Bd3+ g6 22. Qe7 1-0

[Event "Kieler Open 2014-A"]
[Site "Kiel"]
[Date "2014.08.06"]
[Round "7.33"]
[White "Malchau, Jochen"]
[Black "Dreessen, Jakob"]
[Result "0-1"]
[WhiteElo "1664"]
[BlackElo "1869"]
[Annotator "FS"]
[PlyCount "105"]
[EventDate "2014.??.??"]
[WhiteTeam "Greifswald"]
[BlackTeam "Segeberg"]

1. d4 Nf6 2. c4 e5 3. dxe5 Ng4 4. Nf3 Bc5 5. e3 Nc6 6. Be2 Ngxe5 7. O-O O-O 8.
Nc3 a5 9. b3 Nxf3+ 10. Bxf3 Qf6 11. Bb2 Bd6 12. Na4 Qh6 13. g3 Be5 14. Bxc6
Bxb2 15. Bxb7 Bxb7 16. Nxb2 Qh3 17. f3 Ra6 18. Qe2 Re8 19. Rae1 Rae6 20. Nd1 f5
21. Qg2 Qh6 22. Re2 a4 23. Rd2 axb3 24. axb3 R8e7 25. Qf2 Rb6 26. Rd3 Qh5 27.
Qg2 g5 28. g4 Qg6 29. gxf5 Qxf5 30. e4 Qc5+ 31. Qf2 Qe5 32. Ne3 Rf7 33. Qg3 Qc5
34. Qf2 Bxe4 35. Rxd7 Rxf3 36. Rd8+ Kf7 37. Qd2 Rxf1+ 38. Kxf1 Rf6+ 39. Ke1 Bc6
40. b4 Qe5 41. Qd3 Kg7 42. b5 Rf3 43. Kd2 Qxh2+ 44. Kc3 Qe5+ 45. Kb4 Rxe3 46.
Qd2 Re2 47. Qd4 Qxd4 48. Rxd4 Be8 49. Rd8 g4 50. Rc8 Re7 51. c5 g3 52. b6 cxb6
53. cxb6 0-1

[Event "Kieler Open 2014-A"]
[Site "Kiel"]
[Date "2014.08.06"]
[Round "7.34"]
[White "Millgramm, Stephan"]
[Black "Rosenkranz, Bernd-Christian"]
[Result "1-0"]
[WhiteElo "1865"]
[BlackElo "1656"]
[Annotator "FS"]
[PlyCount "92"]
[EventDate "2014.??.??"]
[WhiteTeam "Flensburg"]
[BlackTeam "Rendsburg"]

1. d4 Nf6 2. c4 c5 3. e3 cxd4 4. exd4 d5 5. Nc3 Nc6 6. Nf3 e6 7. Bf4 Bb4 8. a3
Bxc3+ 9. bxc3 dxc4 10. Bxc4 Nd5 11. Bd2 Na5 12. Bd3 Qc7 13. O-O Bd7 14. Ne5 Nc6
15. Nxd7 Qxd7 16. Re1 Nf6 17. Rb1 O-O 18. Bg5 Ne8 19. Qg4 f5 20. Qe2 h6 21. Bc4
Qd6 22. Qxe6+ Qxe6 23. Bxe6+ Kh7 24. Bf4 b6 25. Bd7 Na5 26. Rb5 g5 27. Rxf5 Nf6
28. Bd6 Kg6 29. Be6 Rfe8 30. Rfe5 Kg7 31. Bf5 Nc4 32. Re7+ Rxe7 33. Rxe7+ Kh8
34. Be5 Nxe5 35. Rxe5 Rd8 36. Be6 Kg7 37. Kf1 Nh5 38. g3 Kf6 39. Bg4 Ng7 40.
Ke2 Rd6 41. Kd3 h5 42. Bh3 Rc6 43. Bg2 Rd6 44. f4 gxf4 45. gxf4 Ne6 46. Ke3 Rd8
1-0

[Event "Kieler Open 2014-A"]
[Site "Kiel"]
[Date "2014.08.06"]
[Round "7.35"]
[White "Petersen, Finn Christopher"]
[Black "Bienert, Marco"]
[Result "1-0"]
[WhiteElo "1616"]
[BlackElo "1758"]
[Annotator "FS"]
[PlyCount "49"]
[EventDate "2014.??.??"]
[WhiteTeam "Doppelbauer Kiel"]

1. e4 c6 2. d4 d5 3. e5 c5 4. f4 Bf5 5. Bd3 Bxd3 6. Qxd3 cxd4 7. Nf3 Nc6 8.
Nxd4 e6 9. Be3 Nh6 10. O-O Ng4 11. Nxc6 bxc6 12. h3 Nxe3 13. Qxe3 Qa5 14. Qc3
Qb6+ 15. Kh2 Be7 16. Qb3 Qc7 17. Qg3 O-O 18. Nd2 f6 19. c3 fxe5 20. fxe5 c5 21.
Nf3 Rab8 22. Rf2 Rb6 23. Raf1 Rf5 24. Ng5 Rxg5 25. Qxg5 1-0

[Event "Kieler Open 2014-A"]
[Site "Kiel"]
[Date "2014.08.06"]
[Round "7.36"]
[White "Christensen, Andreas"]
[Black "Jacobsen, Trond"]
[Result "1-0"]
[WhiteElo "1733"]
[BlackElo "1678"]
[Annotator "FS"]
[PlyCount "145"]
[EventDate "2014.??.??"]
[WhiteTeam "Hamburger SK"]
[BlackTeam "Oslo"]

1. e4 Nf6 2. e5 Nd5 3. d4 d6 4. f4 Nc6 5. Nf3 Bg4 6. c3 a6 7. Bc4 e6 8. h3 Bxf3
9. Qxf3 Nb6 10. Bb3 d5 11. Bc2 g6 12. b3 h5 13. Ba3 Bxa3 14. Nxa3 Qe7 15. Nb1
Na7 16. a4 c5 17. O-O cxd4 18. cxd4 Nc6 19. Qe3 Qb4 20. Rd1 Rc8 21. Ra2 Qe7 22.
Bd3 Nb4 23. Rad2 Nxd3 24. Qxd3 Qb4 25. Rc2 Kd7 26. Rdc1 Rxc2 27. Rxc2 Rc8 28.
Rxc8 Nxc8 29. Nd2 Ne7 30. Kf2 Nf5 31. Nf3 h4 32. Ke2 Qa3 33. Qc2 Qa1 34. Kd3
Qf1+ 35. Qe2 Qb1+ 36. Kc3 Qc1+ 37. Kb4 Qxf4 38. Qf2 Qh6 39. a5 Qf8+ 40. Ka4 Qd8
41. Qd2 b5+ 42. axb6 Qxb6 43. Qd3 Kc7 44. Ka3 a5 45. Qc3+ Kb7 46. Ka4 Ka6 47.
Qd3+ Ka7 48. Qb5 Nxd4 49. Qxb6+ Kxb6 50. Nxd4 Kc5 51. Nf3 d4 52. Kxa5 d3 53.
b4+ Kc6 54. b5+ Kb7 55. Kb4 Kb6 56. Kc4 Kb7 57. Kxd3 Kb6 58. Kc4 Kb7 59. Kc5
Kc7 60. Nxh4 g5 61. Nf3 Kb7 62. Nxg5 f5 63. Nxe6 f4 64. Nxf4 Kc7 65. e6 Kd8 66.
Ng6 Ke8 67. b6 Kd8 68. b7 Kc7 69. b8=Q+ Kxb8 70. e7 Kc7 71. e8=Q Kb7 72. Qd7+
Kb8 73. Kb6 1-0

[Event "Kieler Open 2014-A"]
[Site "Kiel"]
[Date "2014.08.06"]
[Round "7.37"]
[White "Müller, Winus"]
[Black "Karlisch, Moritz"]
[Result "1/2-1/2"]
[WhiteElo "2049"]
[BlackElo "1602"]
[Annotator "FS"]
[PlyCount "74"]
[EventDate "2014.??.??"]
[BlackTeam "Doppelbauer Kiel"]

1. e4 e5 2. Nf3 Nc6 3. d4 exd4 4. Bc4 Nf6 5. e5 d5 6. Bb5 Ne4 7. Nxd4 Bd7 8.
Bxc6 bxc6 9. O-O Bc5 10. c3 O-O 11. Qh5 f6 12. Nd2 Nxd2 13. Bxd2 fxe5 14. Qxe5
Bd6 15. Qg5 Qxg5 16. Bxg5 Rae8 17. Be3 Bf4 18. Rae1 Bxe3 19. Rxe3 Rxe3 20. fxe3
Rxf1+ 21. Kxf1 Kf7 22. Ke2 Kf6 23. Kf3 Ke5 24. b4 g5 25. g4 Be8 26. h3 Bd7 27.
Nb3 Be8 28. Nc5 Bg6 29. a3 Be4+ 30. Ke2 Bg2 31. Nd3+ Ke4 32. Nf2+ Ke5 33. Kd3
h6 34. Ke2 Kd6 35. Kd3 c5 36. e4 cxb4 37. axb4 Ke5 1/2-1/2

[Event "Kieler Open 2014-A"]
[Site "Kiel"]
[Date "2014.08.06"]
[Round "7.38"]
[White "Henschen, Patrick"]
[Black "Helmich, Jörg"]
[Result "1/2-1/2"]
[WhiteElo "1667"]
[BlackElo "1749"]
[Annotator "FS"]
[PlyCount "36"]
[EventDate "2014.??.??"]
[WhiteTeam "Segeberg"]
[BlackTeam "Regensburg"]

1. d4 f5 2. g3 Nf6 3. Bg2 g6 4. Nf3 Bg7 5. O-O O-O 6. c4 d6 7. Nbd2 c6 8. b4 e5
9. dxe5 dxe5 10. Bb2 e4 11. Ne1 Ng4 12. Bxg7 Kxg7 13. e3 Be6 14. Qc2 Na6 15.
Nb3 Qf6 16. a3 Rad8 17. Rd1 Ne5 18. Nd2 Rxd2 1/2-1/2

[Event "Kieler Open 2014-A"]
[Site "Kiel"]
[Date "2014.08.06"]
[Round "7.40"]
[White "Röhl, Manfred"]
[Black "Blanco-Cardenas, Ernesto"]
[Result "1/2-1/2"]
[WhiteElo "1823"]
[BlackElo "1875"]
[Annotator "FS"]
[PlyCount "54"]
[EventDate "2014.??.??"]
[WhiteTeam "Bremen-Nord"]
[BlackTeam "Kieler SG"]

1. d4 d5 2. Nf3 Nf6 3. e3 Bf5 4. Bd3 Bxd3 5. cxd3 e6 6. O-O Be7 7. b3 Nbd7 8.
Ba3 O-O 9. Bxe7 Qxe7 10. Nbd2 c5 11. dxc5 Nxc5 12. d4 Nce4 13. Nxe4 Nxe4 14.
Ne5 Rac8 15. f3 Nd6 16. Qd2 Rc7 17. Rac1 Rfc8 18. Nd3 Qe8 19. Rxc7 Rxc7 20. Rc1
Qc8 21. Rxc7 Qxc7 22. Qc1 Qd8 23. Nf4 h6 24. g3 Qa5 25. a3 g6 26. Nd3 Kg7 27.
Qc5 Qa6 1/2-1/2

[Event "Kieler Open 2014-A"]
[Site "Kiel"]
[Date "2014.08.07"]
[Round "8.1"]
[White "Koop, Thorben"]
[Black "Malakhatko, Vadim"]
[Result "1/2-1/2"]
[WhiteElo "2194"]
[BlackElo "2560"]
[PlyCount "44"]
[EventDate "2014.??.??"]
[WhiteTeam "Lingen"]

1. c4 c6 2. Nf3 d5 3. g3 Nf6 4. Bg2 g6 5. cxd5 cxd5 6. Qa4+ Nc6 7. O-O Bg7 8.
d4 O-O 9. Nc3 Bd7 10. Qb3 Na5 11. Qb4 Re8 12. Ne5 e6 13. Nxd7 Nxd7 14. e4 Nc6
15. Qxb7 Nxd4 16. exd5 Nc5 17. Qb4 Rc8 18. Rb1 a5 19. Qc4 Ne4 20. Qa6 Nc5 21.
Qc4 Ne4 22. Qa6 Nc5 1/2-1/2

[Event "Kieler Open 2014-A"]
[Site "Kiel"]
[Date "2014.08.07"]
[Round "8.2"]
[White "Voloshin, Leonid"]
[Black "Turner, Matthew J"]
[Result "1/2-1/2"]
[WhiteElo "2403"]
[BlackElo "2483"]
[PlyCount "73"]
[EventDate "2014.??.??"]

1. Nf3 Nf6 2. g3 d5 3. Bg2 e6 4. O-O Be7 5. c4 O-O 6. d4 dxc4 7. Qc2 a6 8. Qxc4
b5 9. Qc2 Bb7 10. Bg5 Nbd7 11. Nbd2 Rc8 12. Bxf6 Nxf6 13. Nb3 Be4 14. Qc1 c5
15. dxc5 Bd5 16. Nfd2 Bxc5 17. Nxc5 Bxg2 18. Kxg2 Qd5+ 19. e4 Qxc5 20. Qxc5
Rxc5 21. Rac1 Rfc8 22. Rxc5 Rxc5 23. Nb3 Rc2 24. Rd1 g5 25. Rd2 Rc4 26. f3 g4
27. Rd8+ Kg7 28. Nd4 Ra4 29. a3 b4 30. e5 gxf3+ 31. Kxf3 Nd5 32. Nf5+ Kg6 33.
Nh4+ Kh5 34. axb4 Rxb4 35. Rd7 Rb3+ 36. Ke4 Rxb2 37. Rxf7 1/2-1/2